000 00608nam a22001815i 4500
001 161041
003 ES-MaACL
005 20230906212201.0
008 041013s1836 fr |||| | fre d
040 _aCAM
_bspa
_cCAM
100 1 _aOrdinaire, Desire.
_9223443
245 1 0 _aEssai sur l'éducation, et spécialement sur celle du sourd-muet /
_cpar M. Désiré Ordinaire.
260 _aParis :
_bL. Hachette,
_c1836 (
_fLottin de S.-Germain, Imprimeur)
300 _aXV, 364 p. ;
_c21 cm.
650 4 _aSordomudos-
_xEducación.
_9136892
852 _aES-MaACL
_jC-3801
_z-- Enc. hol.
999 _c161041
_d161041